01007 2200337 4500001002100000005001500021035002500036008004100061020002200102040001700124082001200141084001400153090001800167090002100185090002100206100002700227245011900254250001000373260003700383300004600420650002000466700002900486700003300515700002200548850001200570007000300582999002100585999002100606990002100627990002100648INLIS00000000000171420200507122121 a0010-011500000000353150130s2014 yoi g 1 ind d a978-602-9431-58-2 aYOPDYOGbind 222a809 a809 TIT p aDEP 809 TIT p aCB-D.11 2014-030 aCB-D.11 2014-0310 aTitik Yatimanepenulis aPengakuan istri dokter kandungan /cTitik Yatiman ; penyunting, Among Pulung ,Ratih Tyas Putri ; ilustrator, Hasmi aCet.13 aYogyakarta. :bKana Media,c2014 axxiii, 150 halaman :bilustrasi ;c23 cm. 4aKisah Kehidupan0 aAmong Pulungepenyunting0 aRatih Tyas Putriepenyunting0 aHasmieilustrator aYOPDYOGta aCB-D.11/2014-030 aCB-D.11/2014-031 aCB-D.11/2014-030 aCB-D.11/2014-031